| 000 | 00525nam a2200193Ia 4500 | ||
|---|---|---|---|
| 003 | OSt | ||
| 005 | 20200917132051.0 | ||
| 008 | 190216s9999||||xx |||||||||||||| ||und|| | ||
| 020 | _a9788126509041 | ||
| 040 | _coclc | ||
| 082 |
_a621.382 _bHAY/C |
||
| 100 |
_aHaykin, Simon _94690 |
||
| 245 | 0 |
_aCommunication Systems / _cSimon Haykin |
|
| 250 | _a4th Ed. | ||
| 260 |
_bWiley India, _aNew Delhi: _c2006. |
||
| 300 | _a816p | ||
| 650 | _aPhysics | ||
| 942 |
_cBK _2ddc _h621.382 _iHAY/C _k621.382 _mHAY/C |
||
| 999 |
_c34015 _d34015 |
||